1896 1946 1419 1736 1552 1708 1247 1013 1948 1987 1880 1025 1365 1415 1322 1306 1159 1780 1948 1132 1138 1862 1889 1468 1522 1427 1080 1545 1601 1104 1942 1141 1663 1681 1436 1110 1653 1961 1847 1377 1884 1770 1257 1409 1275 1781 1924 1319 1843 1197 1813 1853 1278 1007 1242 1493 1188 1088 1579 1303 1009 1071 1004 1519 1389 1125 1023 1668 1791 1426 1059 1158 1182 1694 1744 1615 1080 1686 1076 1933 1921 1668 1035 1245 1011 1860 1590 1319 1264 1534 1010 1761 1836 1176 1651 1378 1166 1515 1382 BCNSPRNW ULIB Ver.6.0+V

เปลี่ยนเป็นภาษาไทย

Change to English
 แสดงรายละเอียดบรรณานุกรม
  กลับหน้าหลัก

Brief Record : Get Marc (ISO 2709) : E-mail record : QR code < ปิดหน้าต่าง
LEADER : 00000nam 2200000uu 4500
001    13399114112
003     ULIB
008    120110s||||||||th 000 0 tha d
099    วจ.WY85^bก674ก
100 0  กิตติพร เนาว์สุวรรณ
245 00 การศึกษาความสัมพันธ์ระหว่างพฤติกรรมเชิงจริยธรรมกับความสามารถเชิงสมรรถนะหลักของพยาบาลวิชาชีพงานอุบัติเหตุฉุกเฉินในโรงพยาบาลชุมชน เขตภาคใต้/^cกิตติพร เนาว์สุวรรณ , ชุติมา จันทรประทิน , เสาพฤกษ์ ชื่นเจริญ และ สินีนาฏ เนาว์สุวรรณ
260    สงขลา :^bวิทยาลัยพยาบาลบรมราชชนนี สงขลา,^c2553
300    105 หน้า :^bตาราง
500    รายงานการวิจัย
650  7 พฤติกรรมเชิงจริยธรรม^xวิจัย
650  7 สมรรถนะหลักของพยาบาลวิชาชีพ^xวิจัย
700 02 ชุติมา จันทรประทิน
700 02 เสาพฤกษ์ ชื่นเจริญ
700 02 สินีนาฏ เนาว์สุวรรณ
710 1  วิทยาลัยพยาบาลบรมราชชนนี สงขลา
945    ^p0^l0^i030999
995    ทศพร
999 ^a ทศพร
รายการนี้ยังไม่มีแท็ก
คุณยังไม่ได้ล็อกอิน คุณสามารถมีกิจกรรมร่วมกับเว็บไซต์ได้ แต่ต้องล็อกอินก่อน ::
  ล็อกอิน

รายการสื่อสารสนเทศ

ลำดับที่ ประเภท เลขเรียก/บาร์โค้ด สถานที่ สถานะ
1. งานวิจัย
งานวิจัย
วจ.WY85 ก674ก ฉ.1 
  Barcode: 030999
ห้องสมุดวิทยาเขตสวรรค์ประชารักษ์
►วิจัย
บนชั้น

รายการใกล้เคียง
    ผู้แต่ง [กิตติพร เนาว์สุวรรณ]

BibComment


ยังไม่เคยถูกคอมเมนท์

คอมเมนท์ทรัพยากรรายการนี้
  คอมเมนท์: การศึกษาความสัมพั..


 Copyright 2026. Bcnsprnw @Library